[Event "Essent Open"]
[Site "Hoogeveen NED"]
[Date "2005.10.21"]
[Round "1"]
[White "Jelic,B"]
[Black "Fominykh,M"]
[Result "0-1"]
[WhiteElo "2104"]
[BlackElo "2335"]

1.d4 d6 2.e4 Nf6 3.Nc3 e5 4.dxe5 dxe5 5.Qxd8+ Kxd8 6.Bg5 c6 7.Bc4 Ke8 8.O-O-O Be7
9.a4 Nbd7 10.Nf3 a6 11.Rhe1 b5 12.Bb3 h6 13.Bh4 Nh5 14.Bxe7 Kxe7 15.Re3 Nf4
16.g3 Ng6 17.h4 Nf6 18.Rh1 Ng4 19.Re2 h5 20.Ng5 Nh6 21.f3 f6 22.Nh3 Nf8 23.f4 Be6
24.fxe5 fxe5 25.Ng5 Bxb3 26.cxb3 Ne6 27.Nxe6 Kxe6 28.Rd1 Rhd8 29.Rxd8 Rxd8
30.Kc2 Ng4 31.Nd1 Rf8 32.Rd2 Ke7 33.Kc3 Rf1 34.Kb4 Rf3 35.Rg2 Rd3 36.Nc3 Kd6
37.Ka5 Kc7 38.Kxa6 b4 39.Na2 Rxb3 40.Ka5 Ne3 41.Rf2 Nc4+ 42.Ka6 Nd6 43.Rc2 Nxe4
44.Rc4 Nd6 45.Rxb4 Rf3 46.Nc3 Rf8 47.Ka7 Nc8+ 48.Ka6 Nb6  0-1

[Event "2nd Samba Cup"]
[Site "Skanderborg DEN"]
[Date "2005.10.21"]
[Round "7"]
[White "Zhang Pengxiang"]
[Black "Hansen,LB"]
[Result "1-0"]
[WhiteElo "2613"]
[BlackElo "2565"]

1.e4 d6 2.d4 Nf6 3.Nc3 e5 4.Nge2 Be7 5.f3 O-O 6.Be3 a6 7.g4 exd4 8.Nxd4 d5
9.g5 Nxe4 10.fxe4 c5 11.exd5 cxd4 12.Qxd4 Bxg5 13.O-O-O Re8 14.Bxg5 Qxg5+
15.Kb1 Nd7 16.Bd3 Qf6 17.Qb4 Ne5 18.d6 Be6 19.Be4 Nc4 20.Bd5 Ne3 21.Rd3 Nxd5
22.Nxd5 Bxd5 23.Rxd5 Rad8 24.d7 Re6 25.b3 Rb6 26.Re1 Re6 27.Rdd1 b6 28.Qxb6 h5
29.Rxe6 fxe6 30.Qxa6 e5 31.Qc4+ Kh7 32.a4 Qf5 33.Qd5  1-0

[Event "SCG First League m"]
[Site "Vrnjacka Banja SCG"]
[Date "2005.10.21"]
[Round "5"]
[White "Kotronias,V"]
[Black "Efimenko,Z"]
[Result "0-1"]
[WhiteElo "2626"]
[BlackElo "2637"]

1.e4 d6 2.d4 Nf6 3.Nc3 e5 4.dxe5 dxe5 5.Qxd8+ Kxd8 6.Bc4 Ke8 7.Nf3 Bd6 8.Bg5 Nbd7
9.O-O-O a6 10.a4 h6 11.Bh4 b6 12.Rhe1 Bb7 13.Kb1 Rb8 14.Bxf6 Nxf6 15.Nd5 Nxd5
16.exd5 f6 17.Nh4 Kf7 18.f4 exf4 19.Nf5 g6 20.Nd4 Rhe8 21.Ne6 Re7 22.Rf1 g5
23.b3 b5 24.axb5 axb5 25.Bxb5 Bxd5  0-1

[Event "SCG First League w"]
[Site "Vrnjacka Banja SCG"]
[Date "2005.10.21"]
[Round "5"]
[White "Stojanovic,Mari"]
[Black "Chelushkina,I"]
[Result "0-1"]
[WhiteElo "2188"]
[BlackElo "2315"]

1.e4 d6 2.d4 Nf6 3.Nc3 e5 4.dxe5 dxe5 5.Qxd8+ Kxd8 6.Bg5 c6 7.O-O-O+ Ke8
8.Bxf6 gxf6 9.g3 Bc5 10.Bh3 Na6 11.Bxc8 Rxc8 12.Rf1 h5 13.Nf3 Nc7 14.Nh4 Ne6
15.Nf5 Rd8 16.Na4 Bf8 17.Rd1 b5 18.Nc3 Bc5 19.Rxd8+ Kxd8 20.Rf1 Kc7 21.Ne2 a5
22.h4 a4 23.a3 Kb6 24.c3 Rd8 25.Kc2 Rh8 26.f3 Kc7 27.Rd1 Rh7 28.Rf1 Ng7 29.Nxg7 Rxg7
30.f4 Bd6 31.fxe5 Bxe5 32.Rf5 Bxg3 33.Nxg3 Rxg3 34.Rxh5 Rg2+ 35.Kb1 Kd6 36.Rf5 Ke6
37.Rc5 Kd6 38.Rf5 Ke7 39.e5 fxe5 40.Rxe5+ Kd6 41.Rf5 Ke6 42.Rc5 f5 43.Rxc6+ Kd5
44.Rf6 Ke4 45.c4 bxc4 46.Rc6 Kd5 47.Rf6 Ke5 48.Rf8 f4 49.h5 Rh2 50.h6 Rxh6
51.Kc2 Rf6 52.Re8+ Kd4 53.Kd2 f3 54.Rd8+ Ke4 55.Re8+ Kf4 56.Ke1 Rh6 57.Rf8+ Ke3
58.Re8+ Kd3 59.Rd8+ Kc2 60.Rb8 Rh2 61.Kf1 Rd2 62.Rb4 Kd3 63.Rb8 Rc2 64.Rd8+ Ke3
65.Re8+ Kd2 66.Rb8 Kc1 67.Rb4 f2 68.Kg2 Kb1 69.Kf1 Ka2 70.Rxa4 Kxb2 71.Ra7 c3
72.a4 Rd2  0-1

[Event "Open A"]
[Site "Arco HUN"]
[Date "2005.10.22"]
[Round "1"]
[White "Antoniacci,R"]
[Black "Moser,E"]
[Result "0-1"]
[WhiteElo "1972"]
[BlackElo "2361"]

1.e4 d6 2.d4 Nf6 3.Nc3 Nbd7 4.Be2 e5 5.Nf3 Be7 6.O-O O-O 7.Bg5 c6 8.Qd2 b5
9.a3 Qb6 10.Kh1 Re8 11.Rfe1 Bf8 12.Bf1 Bb7 13.Rad1 a6 14.h3 exd4 15.Nxd4 c5
16.Nf5 Bxe4 17.Ng3 Bb7 18.Nf5 d5 19.Qf4 d4 20.Nb1 Re4 21.Qh2 Qe6 22.Rxe4 Bxe4  0-1

[Event "II Open"]
[Site "Calvia ESP"]
[Date "2005.10.22"]
[Round "2"]
[White "Mihailovs,J"]
[Black "Strikovic,A"]
[Result "0-1"]
[WhiteElo "2299"]
[BlackElo "2492"]

1.d4 d6 2.e4 Nf6 3.Nc3 e5 4.d5 Be7 5.h3 c6 6.Be3 a6 7.a4 Qa5 8.Qd2 cxd5 9.Nxd5 Qxd2+
10.Bxd2 Nxd5 11.exd5 O-O 12.Nf3 Bf5 13.c4 a5 14.Be3 Na6 15.Kd2 Rac8 16.b3 Nc5
17.Bxc5 Rxc5 18.Bd3 Bd7 19.Ne1 Bg5+ 20.Kd1 f5 21.Nc2 e4 22.Be2 Rcc8 23.Na3 Bf6
24.Rb1 Bd4 25.Rf1 Bc5 26.Nb5 f4 27.f3 Bf5 28.Rb2 e3 29.Kc1 Kf7 30.Rd1 Rfe8
31.Ra2 g5 32.Nc3 Bb4 33.Kb2 Kg6 34.Raa1 h5 35.Re1 Kf6 36.Rad1 Rg8 37.Bd3 g4
38.hxg4 hxg4 39.Bxf5 Kxf5 40.Rg1 gxf3 41.gxf3 Bxc3+ 42.Kxc3 Rg3 43.Rxg3 fxg3
44.Kd3 Kf4 45.Ke2 Rg8 46.Rd4+ Kf5 47.Kxe3 g2 48.Rf4+ Ke5 49.Re4+ Kf6 50.Rf4+ Ke7
51.Re4+ Kd7  0-1

[Event "31st Guernsey Open"]
[Site "Cobo Bay GCI"]
[Date "2005.10.22"]
[Round "7"]
[White "Korneev,O"]
[Black "Roberts,P"]
[Result "1-0"]
[WhiteElo "2601"]
[BlackElo "2201"]

1.e4 d6 2.d4 Nf6 3.Nc3 e5 4.Nge2 exd4 5.Nxd4 Be7 6.Bf4 Nc6 7.Qd2 O-O 8.O-O-O Nxd4
9.Qxd4 Be6 10.f3 c5 11.Qd2 a6 12.g4 b5 13.Kb1 b4 14.Nd5 Nxd5 15.exd5 Bd7
16.h4 Bb5 17.g5 Qd7 18.Bh3 Qb7 19.h5 a5 20.g6 b3 21.gxf7+ Kh8 22.Be6 Bf6
23.cxb3 a4 24.h6 g6 25.Bg5 Rxf7 26.Bxf7 Qxf7 27.Qf4 Rf8 28.bxa4  1-0

[Event "Femida"]
[Site "Kharkiv UKR"]
[Date "2005.10.22"]
[Round "7"]
[White "Arzumanian,G"]
[Black "Ivanov,AA"]
[Result "1-0"]
[WhiteElo "2447"]
[BlackElo "2414"]

1.e4 d6 2.d4 Nf6 3.Nc3 c6 4.Be3 Qa5 5.Qd2 d5 6.e5 Ng4 7.Bf4 h5 8.Be2 g6 9.h3 Nh6
10.g4 Ng8 11.gxh5 gxh5 12.Nf3 Na6 13.a3 Nh6 14.Qd1 Nf5 15.b4 Qd8 16.Ng5 Ng7
17.Bd3 Nc7 18.Nh7 Bf5 19.Bxf5 Nxf5 20.Qxh5 Nxd4 21.O-O-O Nde6 22.Be3 Qd7
23.Rhg1 a5 24.Na4 axb4 25.Nb6 Qd8 26.axb4 Ra1+ 27.Kb2 Rxd1 28.Rxd1 d4 29.Nf6+ exf6
30.Qxh8 Nb5 31.Nc4 Qd5 32.Nd6+ Nxd6 33.exd6 Qf3 34.Rxd4 Nxd4 35.Bxd4 Qf5
36.d7+ Kxd7 37.Qxf8  1-0

[Event "5th Rohde Open"]
[Site "Sautron FRA"]
[Date "2005.10.22"]
[Round "1"]
[White "Lapeyre,P"]
[Black "Tratar,M"]
[Result "0-1"]
[WhiteElo "2082"]
[BlackElo "2440"]

1.d4 d6 2.e4 Nf6 3.Nc3 e5 4.Nf3 Nbd7 5.Bc4 Be7 6.O-O O-O 7.Re1 c6 8.a4 b6
9.Ba2 a6 10.b4 Bb7 11.Rb1 Qc7 12.Qd3 b5 13.Bg5 h6 14.Be3 Rfe8 15.Nh4 Ng4
16.Nf5 Bf8 17.Bd2 exd4 18.Qxd4 d5 19.Ng3 c5 20.Nxd5 Qxg3 21.hxg3 cxd4 22.Nc7 bxa4
23.f3 Ngf6 24.Nxa8 Bxa8 25.Bc4 Rc8 26.Bxa6 Rxc2 27.Red1 Nb6 28.Rbc1 Rb2 29.Rb1 Rxb1
30.Rxb1 Nfd7 31.Bb5 Ne5 32.Rc1 a3 33.f4 Ng4 34.Ra1 Bxe4 35.Rxa3 f5 36.Ra6 Nd5
37.Bc4 Kh7 38.Bxd5 Bxd5 39.Kf1  0-1

[Event "Chigorin Mem"]
[Site "St Petersburg RUS"]
[Date "2005.10.22"]
[Round "8"]
[White "Novikov,St"]
[Black "Akimov,I"]
[Result "0-1"]
[WhiteElo "2533"]
[BlackElo "2434"]

1.e4 d6 2.d4 Nf6 3.Nc3 e5 4.Nf3 Nbd7 5.Bc4 Be7 6.O-O O-O 7.Re1 c6 8.a4 b6
9.d5 cxd5 10.Nxd5 Bb7 11.b3 Rc8 12.Re2 Nxd5 13.Bxd5 Bxd5 14.Qxd5 Nf6 15.Qd2 d5
16.exd5 e4 17.Ng5 Nxd5 18.Rxe4 Bf6 19.c4 Bxa1 20.cxd5 Qxd5 21.Re1 Qxb3 22.h4 h6
23.Ne4 Rfd8 24.Qf4 Rd1 25.Bd2 Rxe1+ 26.Bxe1 Qd1 27.Kf1 Rc1 28.Qe3 Bd4 29.Qe2 Qxe2+
30.Kxe2 Ra1 31.Bd2  0-1

[Event "Open A"]
[Site "Arco HUN"]
[Date "2005.10.23"]
[Round "2"]
[White "Di Cio,E"]
[Black "Fuggetta,L"]
[Result "0-1"]
[WhiteElo "1821"]
[BlackElo "2068"]

1.e4 d6 2.d4 Nf6 3.Nc3 Nbd7 4.f4 e5 5.fxe5 dxe5 6.Be3 Bd6 7.Nf3 O-O 8.Bg5 exd4
9.Qxd4 Bc5 10.Qc4 Qe7 11.O-O-O Bd6 12.Qd4 Be5 13.Nxe5 Qxe5 14.Bxf6 Qf4+ 15.Kb1 Nxf6
16.Bd3 Be6 17.Rdf1 Qg5 18.h4 Qa5 19.g4 Rad8 20.Qa4 Qxa4 21.Nxa4 Nxg4 22.Nc5 Bc8
23.Rhg1 Ne5 24.Be2 b6 25.Nd3 Nxd3 26.Bxd3 Rfe8 27.h5 h6 28.Rg3 Re5 29.Rfg1 Rg5
30.Rxg5 hxg5 31.Rxg5 Ba6 32.Rg3 Bb7 33.Rg4 Re8 34.Kc1 Re5 35.Rh4 Kh7 36.Rf4 f6
37.Rf5 Rxf5 38.exf5 Bf3 39.Kd2 Bxh5 40.Ke3 g5 41.fxg6+ Bxg6 42.Bxg6+ Kxg6
43.Kf4 f5 44.b3 Kf6 45.c4 c5 46.a3 a5  0-1

[Event "II Open"]
[Site "Calvia ESP"]
[Date "2005.10.23"]
[Round "4"]
[White "Tscharotschkin,M"]
[Black "Leskovar,Mar"]
[Result "1/2-1/2"]
[WhiteElo "2216"]
[BlackElo "2372"]

1.e4 d6 2.d4 Nf6 3.Nc3 e5 4.Nf3 exd4 5.Nxd4 Be7 6.Bd3 O-O 7.O-O c5 8.Nde2 Be6
9.Nf4 Nc6 10.Ncd5 Bxd5 11.Nxd5 Nxd5 12.exd5 Ne5 13.Bf4 Bf6 14.Re1 Qd7 15.Bxe5 Bxe5
16.c4 g6 17.Qd2 Rfe8 18.Re2 Re7 19.Rae1 Rae8 20.b3 a6 21.f4 Bd4+ 22.Kh1 Rxe2
23.Rxe2 Rb8 24.h3 b5 25.Qe1 Qd8 26.cxb5 axb5 27.Bxb5 Qf6 28.Re8+ Rxe8 29.Qxe8+ Kg7
30.g3 Qf5 31.Bf1 Qxd5+ 32.Bg2 Qe6 33.Qxe6 fxe6 34.Bc6 h6 35.Kg2 Kf6 36.Kf3 g5
37.Bd7 Bc3 38.Bc6 Be1 39.Be8 Bc3 40.Bc6 Bd2 41.Bb7 d5 42.Bc8 Be1 43.Bd7 Ke7
44.Bc6 Kd6 45.Be8 e5 46.fxe5+ Kxe5 47.g4 Kd4 48.Bf7 Ba5 49.Bg8 c4 50.bxc4 dxc4
51.Ke2 c3 52.Bh7 Kc4 53.Bg8+ Kd4 54.Bh7 Ke5 55.Kf3 Bb6 56.Bg6  1/2-1/2

[Event "Essent Open"]
[Site "Hoogeveen NED"]
[Date "2005.10.23"]
[Round "3"]
[White "Goloshchapov,A"]
[Black "Fominykh,M"]
[Result "1-0"]
[WhiteElo "2523"]
[BlackElo "2335"]

1.e4 d6 2.d4 Nf6 3.Nc3 e5 4.Nge2 c6 5.f3 b5 6.dxe5 dxe5 7.Qxd8+ Kxd8 8.a4 b4
9.Nd1 a5 10.Bd2 Na6 11.Nc1 Be6 12.Ne3 Nd7 13.Bc4 Nac5 14.Bxe6 Nxe6 15.Nc4 Nd4
16.Kd1 c5 17.c3 Nc6 18.Nb3 Kc7 19.Be3 Be7 20.Kc2 Nb6 21.Nxb6 Kxb6 22.Rhd1 Rhd8
23.Rd5 Rxd5 24.exd5 Nd8 25.cxb4 axb4 26.Nd2 Bd6 27.Nc4+ Kc7 28.a5 f5 29.a6 Nf7
30.Ra5 e4 31.fxe4 fxe4 32.Bxc5 Bxh2 33.a7 Kb7 34.Rb5+ Kc7 35.Ra5 Kb7 36.Rb5+ Kc7
37.Rxb4 h5 38.Rb6 Bf4 39.Rc6+  1-0

[Event "zt 3.3"]
[Site "Beijing CHN"]
[Date "2005.10.24"]
[Round "8"]
[White "Wei Chenpeng"]
[Black "Wang Rui"]
[Result "0-1"]
[WhiteElo "2390"]
[BlackElo "2474"]

1.e4 d6 2.d4 Nf6 3.Nc3 e5 4.Nf3 Nbd7 5.Bc4 Be7 6.O-O O-O 7.Re1 c6 8.a4 Qc7
9.b3 Nb6 10.Be2 Bg4 11.h3 Bh5 12.Bg5 h6 13.Bh4 Nxe4 14.Nxe4 Bxf3 15.Bxe7 Bxe2
16.Bxd6 Bxd1 17.Bxc7 Bxc2 18.dxe5 Rfc8 19.Bd6 Nd7 20.Re3 c5 21.Rc1 Bxe4 22.Rxe4 a5
23.f4 Rc6 24.g4 Rac8 25.Rec4 f6 26.Kf2 fxe5 27.fxe5 Kf7 28.Ke3 Rb6 29.R1c3 Ke6
30.Ke4 Rbc6 31.h4 Rg8 32.Rf3 Re8 33.Rf1 Rxd6 34.exd6 Kxd6+ 35.Kf3 Ne5+ 36.Kg3 Nxc4
37.bxc4 Re3+ 38.Kf4 Rc3 39.Kf5 Rxc4 40.Rg1 Rxa4 41.Kg6 c4 42.Kxg7 c3 43.Kxh6 c2
44.Kh5 Rc4 45.Rc1 b5 46.g5 b4 47.g6 b3 48.g7 Rc8 49.Kh6 Rb8  0-1

[Event "Femida"]
[Site "Kharkiv UKR"]
[Date "2005.10.24"]
[Round "9"]
[White "Firman,N"]
[Black "Ivanov,AA"]
[Result "1-0"]
[WhiteElo "2466"]
[BlackElo "2414"]

1.e4 d6 2.d4 Nf6 3.Nc3 c6 4.Bg5 Nbd7 5.Qd2 b5 6.Bd3 a6 7.f4 h6 8.Bxf6 Nxf6
9.Nf3 g6 10.O-O-O b4 11.Ne2 Qb6 12.Kb1 Bg7 13.h3 h5 14.Ng5 h4 15.Rhf1 Ra7
16.Qe1 Rh5 17.Nf3 c5 18.Nxh4 c4 19.Bxc4 Nxe4 20.Nf3 Rc7 21.Bb3 a5 22.Ng5 Nxg5
23.fxg5 e6 24.h4 Rh8 25.Nf4 Re7 26.h5 Rxh5 27.Nxh5 gxh5 28.Ba4+ Kd8 29.Qh4 Ba6
30.Rfe1 Bb7 31.g6 f6 32.Qxh5 Bxg2 33.Qh7 d5 34.Ka1 Be4 35.c3 bxc3 36.bxc3 Kc7
37.Qg8 Qb8 38.Qh7 Qb6 39.Rd2 e5 40.Rb2 Qa7 41.Qg8 f5 42.Rc1 Bh6 43.Rd1 Bg7
44.dxe5 Bxe5 45.Qf8 Kd6 46.Qd8+ Kc5 47.Rxd5+ Bxd5 48.Rb5+ Kc4 49.Qxd5+ Kxc3
50.Rb3+ Kc2+ 51.Rb2+ Kc3 52.a3 Qc7 53.Rc2+  1-0

[Event "Open A"]
[Site "Arco HUN"]
[Date "2005.10.25"]
[Round "4"]
[White "Sartorio,D"]
[Black "Savarese,V"]
[Result "0-1"]
[WhiteElo "1939"]
[BlackElo "1778"]

1.e4 d6 2.d4 Nf6 3.Nc3 e5 4.dxe5 dxe5 5.Qxd8+ Kxd8 6.Bc4 Be6 7.Bxe6 fxe6
8.Bg5 Nd7 9.f3 Bc5 10.Nge2 c6 11.Rd1 Kc7 12.Na4 Bb4+ 13.c3 Be7 14.b3 Rhe8
15.Nb2 Rad8 16.Be3 Bc5 17.Kf2 Nxe4+ 18.fxe4 Rf8+ 19.Kg3 Bxe3 20.Rhf1 Nc5
21.Nc4 Nxe4+ 22.Kh4 Bg5+  0-1

[Event "2nd Rapid"]
[Site "D'Ajaccio FRA"]
[Date "2005.10.26"]
[Round "4"]
[White "Bologan,V"]
[Black "Markowski,T"]
[Result "1-0"]
[WhiteElo "2682"]
[BlackElo "2582"]

1.e4 d6 2.d4 Nf6 3.Nc3 e5 4.Nge2 Nbd7 5.g3 a6 6.a4 Rb8 7.a5 b5 8.axb6 cxb6
9.Bg2 Be7 10.O-O O-O 11.b3 b5 12.Bb2 Bb7 13.Nd5 Nxd5 14.exd5 Qc7 15.Qd2 Rfd8
16.Rfc1 Bf6 17.c4 bxc4 18.Rxc4 Qb6 19.Rb4 Qa7 20.h4 Qa8 21.dxe5 dxe5 22.Nc3 Nc5
23.Qe3 Rbc8 24.Ra5 Be7 25.Qxe5 Bf6 26.Qe3 Re8 27.Qd2 Qa7 28.Na4 Bxb2 29.Nxb2 Ba8
30.Qd4 Qe7 31.Ra1 Qe2 32.Na4 a5 33.Rb6 Nd7 34.Rd6 Ne5 35.Nb6 Rc2 36.Nxa8 Rxa8
37.Rf1 g6 38.Rb6 Rd8 39.Qf4 Re8 40.Rb7 Kg7 41.d6 Qd2 42.Re7  1-0

[Event "Femida"]
[Site "Kharkiv UKR"]
[Date "2005.10.26"]
[Round "11"]
[White "Kovchan,A"]
[Black "Ivanov,AA"]
[Result "0-1"]
[WhiteElo "2504"]
[BlackElo "2414"]

1.e4 d6 2.d4 Nf6 3.Nc3 c6 4.f4 Qa5 5.Bd3 e5 6.Nf3 Bg4 7.dxe5 dxe5 8.h3 Bxf3
9.Qxf3 Nbd7 10.Bd2 Qc7 11.f5 Nc5 12.Be2 b5 13.a3 a5 14.g4 h6 15.h4 Nfd7 16.a4 b4
17.Nd1 Nb6 18.b3 Nb7 19.O-O Bc5+ 20.Kg2 O-O-O 21.Be1 Kb8 22.Rc1 Qd6 23.c3 f6
24.Rc2 Rd7 25.Nb2 bxc3 26.Bxc3 Bd4 27.Rfc1 Rc8 28.Be1 Rcc7 29.Nc4 Nxc4 30.Bxc4 Bc5
31.Be6 Rd8 32.Rc4 Ba3 33.R1c2 Bb4 34.Bf2 c5 35.Bd5 Qb6 36.Rc1 Ba3 37.Rb1 Nd6
38.Rc2 Nc8 39.Be6 Ne7 40.Rd1 Nc6 41.Rxd8+ Nxd8 42.Bd5 Nc6 43.Bxc6 Qxc6 44.Qd3 Bb4
45.Qc4 Kb7 46.Kf3 Rd7 47.Be3 Qd6 48.Qb5+ Ka8 49.Kf2 Qd1 50.Qe2 Qh1 51.Bxc5 Qh2+
52.Kf1 Qxe2+ 53.Kxe2 Rc7 54.Bxb4 Rxc2+ 55.Kd3 Rb2 56.Bxa5 Rxb3+ 57.Bc3 Ra3
58.a5 Kb7 59.Kc4 Kc6 60.Bd2 Rh3 61.a6 Rxh4  0-1

[Event "WGM"]
[Site "Malinska CRO"]
[Date "2005.10.26"]
[Round "6"]
[White "Sudakova,I"]
[Black "Srebrnic,A"]
[Result "1/2-1/2"]
[WhiteElo "2366"]
[BlackElo "2280"]

1.d4 d6 2.e4 Nf6 3.Nc3 e5 4.Nf3 Nbd7 5.Bc4 Be7 6.O-O O-O 7.Be3 c6 8.a4 b6
9.d5 c5 10.Nh4 Ne8 11.Nf5 a6 12.g3 Bf6 13.f4 Kh8 14.Bf2 g6 15.Ne3 exf4 16.gxf4 Bh4
17.Bd3 Qe7 18.Qf3 Rb8 19.Rae1 Bb7 20.Ncd1 Bxf2+ 21.Qxf2 Ng7 22.c4 Rbe8 23.Ng4 f6
24.Kh1 Bc8 25.Qg1 g5 26.f5 Ne5 27.Nxe5 Qxe5 28.Qg3 Qxg3 29.hxg3 Bd7 30.Nc3 Rb8
31.Kg2 h5 32.Rh1 Kg8 33.Be2 Be8 34.Ra1 a5 35.b3  1/2-1/2

[Event "5th Rohde Open"]
[Site "Sautron FRA"]
[Date "2005.10.26"]
[Round "5"]
[White "Govciyan,P"]
[Black "Aubry,F"]
[Result "1-0"]
[WhiteElo "2358"]
[BlackElo "1904"]

1.d4 d6 2.e4 Nf6 3.Nc3 Nbd7 4.f3 e5 5.Be3 Be7 6.Nge2 c6 7.g4 b5 8.Ng3 Nb6
9.a3 Qc7 10.g5 Nfd7 11.Nf5 Bf8 12.h4 g6 13.Ng3 h5 14.gxh6 Bxh6 15.Bxh6 Rxh6
16.Qd2 Rh8 17.h5 Rg8 18.h6 Nf6 19.O-O-O Bd7 20.f4 O-O-O 21.d5 cxd5 22.exd5 Qc5
23.Nge4 Nxe4 24.Nxe4 Qc7 25.Nf6 Rh8 26.fxe5 dxe5 27.d6 Qc5 28.Rh4 Bc6 29.b4 Qg1
30.Bh3+  1-0

[Event "Essent Open"]
[Site "Hoogeveen NED"]
[Date "2005.10.29"]
[Round "9"]
[White "Van Veen,O"]
[Black "Fominykh,M"]
[Result "1/2-1/2"]
[WhiteElo "2216"]
[BlackElo "2335"]

1.e4 d6 2.d4 Nf6 3.Nc3 e5 4.dxe5 dxe5 5.Qxd8+ Kxd8 6.Bc4 Be6 7.Bxe6 fxe6
8.Nf3 Bd6 9.Bg5 Nd7 10.O-O-O Ke7 11.Nd2 h6 12.Bh4 a6 13.Nc4 g5 14.Bg3 Nh5
15.Nxd6 cxd6 16.Rd2 Ndf6 17.f3 Rac8 18.Bf2 Nf4 19.Bb6 g4 20.Ba5 gxf3 21.gxf3 Rhg8
22.Bb4 Rc6 23.Rhd1 Ne8 24.Ne2 Nh3 25.Rf1 Rf8 26.Ng3 Nc7 27.a4 b6 28.Nh5 a5
29.Ba3 b5 30.axb5 Nxb5 31.Rd3 Rfc8 32.Rb3 Rxc2+ 33.Kb1 Nxa3+ 34.Rxa3 R8c5
35.Rb3 Rc7 36.f4 Rxh2 37.Rg3 Nxf4 38.Nxf4 exf4 39.Rxf4 Kd7 40.Rf7+ Kc8 41.Rf8+ Kb7
42.Rb3+ Ka7 43.Rb5 Rc5 44.Rxc5 dxc5 45.Re8 Kb6 46.Rxe6+ Kb5 47.Rg6 Kc4 48.e5 Kd5
49.e6 Kd6 50.b3 Ke7 51.Ka1 Kd6 52.Kb1 Re2 53.Rxh6 Rxe6 54.Rh2 Kc6 55.Kb2 Kb5
56.Rg2 Ra6 57.Rh2 a4 58.bxa4+ Kb4 59.Rh3 Rxa4 60.Rg3 Ra7 61.Rh3 Rg7 62.Kc2 Rg2+
63.Kc1 Kc4 64.Rf3 Kd4 65.Rh3 Re2 66.Rg3 c4 67.Rh3 Rg2 68.Rf3 Rg1+ 69.Kc2 Rg2+
70.Kc1 Kc5 71.Rh3 Rg4 72.Rf3 Kb4 73.Rh3 c3 74.Rh8 Kb3 75.Rb8+ Rb4 76.Rxb4+ Kxb4
77.Kc2 Kc4 78.Kc1  1/2-1/2

[Event "5th Rohde Open"]
[Site "Sautron FRA"]
[Date "2005.10.29"]
[Round "8"]
[White "Prasad,D"]
[Black "Tratar,M"]
[Result "1/2-1/2"]
[WhiteElo "2401"]
[BlackElo "2440"]

1.e4 d6 2.d4 Nf6 3.Nc3 e5 4.dxe5 dxe5 5.Qxd8+ Kxd8 6.Bc4 Ke8 7.Nge2 c6 8.a4 a5
9.Be3 Ng4 10.Bd2 Bc5 11.O-O Nd7 12.Nc1 Ke7 13.Nd3 Bb6 14.h3 Ngf6 15.Kh2 Ke8
16.f3 Kf8 17.Ne2 Nc5 18.Nxc5 Bxc5 19.Rfd1 Nd7 20.Bc3 f6 21.Nc1 Ke7 22.Nb3 Bb6
23.Rd2 Nc5  1/2-1/2

[Event "8th IM ZNG111"]
[Site "Kostrena CRO"]
[Date "2005.10.30"]
[Round "4"]
[White "Markovic,A"]
[Black "Troselj,T"]
[Result "1-0"]
[WhiteElo "2090"]
[BlackElo "2096"]

1.e4 d6 2.d4 Nf6 3.Nc3 c6 4.f3 Nbd7 5.Be3 Qb6 6.b3 g6 7.Qd2 Bg7 8.Bd3 Qc7
9.Nge2 b5 10.Bh6 Kf8 11.g4 b4 12.Na4 c5 13.dxc5 dxc5 14.O-O-O Ne5 15.Qe3 c4
16.Bxc4 Nxc4 17.bxc4 Be6 18.Nc5 Bxc4 19.Nd4 Rc8 20.Rhg1 e6 21.e5 Ng8 22.Nd7+ Qxd7
23.Bxg7+ Ke8 24.Nf5 Qxd1+ 25.Rxd1 gxf5 26.Bxh8 Ne7 27.Bf6 Nd5 28.Qxa7  1-0

[Event "Autumn Open"]
[Site "St Petersburg RUS"]
[Date "2005.10.30"]
[Round "2"]
[White "Malakhov,I"]
[Black "Turikov,V"]
[Result "1-0"]
[WhiteElo "2177"]
[BlackElo "2353"]

1.e4 d6 2.d4 Nf6 3.Nc3 c6 4.f4 Qa5 5.e5 Ne4 6.Qf3 Nxc3 7.Bd2 dxe5 8.fxe5 Qd5
9.bxc3 Qxf3 10.Nxf3 Bf5 11.Bd3 Bxd3 12.cxd3 e6 13.Ke2 Nd7 14.Rhb1 b6 15.a4 Be7
16.a5 O-O 17.c4 f6 18.Bb4 Bxb4 19.Rxb4 c5 20.dxc5 bxc5 21.Rb7 Rf7 22.Rab1 a6
23.exf6 gxf6 24.Rc7 Re8 25.Rbb7 Ree7 26.Nd2 f5 27.Nf3 e5 28.Ng5  1-0

[Event "Autumn Open"]
[Site "St Petersburg RUS"]
[Date "2005.10.30"]
[Round "2"]
[White "Kuznetsov,An"]
[Black "Golovankov,V"]
[Result "1/2-1/2"]
[WhiteElo "2172"]
[BlackElo "2314"]

1.d4 d6 2.e4 Nf6 3.Nc3 Nbd7 4.Nf3 e5 5.Bc4 Be7 6.O-O O-O 7.dxe5 dxe5 8.h3 c6
9.Qe2 b5 10.Bd3 Qc7 11.Bg5 Re8 12.a3 Nf8 13.Nd2 Ne6 14.Be3 g6 15.Nf3 Nh5
16.Nh2 Nhf4 17.Bxf4 Nxf4 18.Qf3 h5 19.Ne2 Be6 20.Nxf4 exf4 21.Qe2 Bf6 22.c3 Bb3
23.Bc2 Bc4 24.Bd3 Bxd3 25.Qxd3 Rad8 26.Qc2 Qe7 27.Rfe1 Be5 28.Nf3 Kg7 29.Nxe5 Qxe5
30.f3 Qc5+ 31.Kh2 g5 32.Rad1 Rxd1 33.Qxd1 Re6 34.Qd4+ Qxd4 35.cxd4 f5 36.Kg1 Rd6
37.Rc1 fxe4 38.fxe4 Rxd4 39.Rxc6 Rd1+ 40.Kf2 Rd2+ 41.Kf1 Rxb2 42.Ra6 g4 43.hxg4 hxg4
44.g3 f3 45.e5 Re2 46.Rxa7+ Kg6 47.Ra5 Rb2 48.a4 b4 49.e6 Ra2 50.Re5 Ra1+
51.Kf2 Ra2+  1/2-1/2

[Event "Autumn Open"]
[Site "Venice ITA"]
[Date "2005.10.30"]
[Round "2"]
[White "Dvirnyy,D"]
[Black "Ventura,S"]
[Result "1/2-1/2"]
[WhiteElo "2272"]
[BlackElo "2100"]

1.e4 d6 2.d4 Nf6 3.Nc3 c6 4.Be3 Qb6 5.Rb1 Ng4 6.Bg5 e5 7.Nf3 f6 8.Bc1 Be6
9.Be2 Nd7 10.O-O Be7 11.b4 Qc7 12.a4 Rd8 13.h3 Nh6 14.Be3 Nb6 15.d5 cxd5
16.Nb5 Qb8 17.exd5 Bd7 18.a5 Nc8 19.Bxh6 gxh6 20.Nh4 O-O 21.g4 f5 22.Nxf5 Bxf5
23.gxf5 Rxf5 24.Bg4 Rg5 25.Kh1 Rf8 26.f4 Rg7 27.fxe5 dxe5 28.Rxf8+ Bxf8 29.Qf3 Nd6
30.Be6+ Kh8 31.Nxd6 Bxd6 32.Rg1 Qf8 33.Qxf8+ Bxf8 34.b5 Bc5 35.Rd1 Rg6 36.Rf1 e4
37.Bf5 Rf6 38.Kg2 e3 39.Bd3 Kg7 40.Rf3 Kf7 41.h4 Ke7 42.h5 Bd4  1/2-1/2

[Event "Autumn Open"]
[Site "Venice ITA"]
[Date "2005.10.30"]
[Round "2"]
[White "Gallo,E"]
[Black "Jurkovic,A"]
[Result "0-1"]
[WhiteElo "2113"]
[BlackElo "2339"]

1.e4 d6 2.d4 Nf6 3.Nc3 Nbd7 4.f4 e5 5.Nf3 exd4 6.Nxd4 g6 7.Bc4 Bg7 8.O-O O-O
9.Nf3 Nc5 10.e5 dxe5 11.Qxd8 Rxd8 12.fxe5 Ng4 13.Ng5 Be6 14.Nxe6 Nxe6 15.Bxe6 fxe6
16.Bg5 Rf8 17.Ne4 Bxe5 18.h3 Bd4+ 19.Kh1 Nf2+ 20.Nxf2 Bxf2 21.Rad1 Bg3 22.Be7 Rf5
23.Rf3 Rxf3 24.gxf3 Kf7 25.Bc5 Ke8 26.Kg2 Bf4 27.Re1 Kd7 28.Rd1+ Kc6 29.Bf2 Be5
30.b3 Bf6 31.f4 Rd8 32.Re1 Rd6 33.Re2 Kd7 34.Kf3 a6 35.Bc5 Rd1 36.Bf2 b5
37.Kg2 b4 38.Be1 c5 39.Kf3 Ra1 40.Bf2 Be7 41.Rd2+ Ke8 42.Re2 Kf7 43.Ke4 Rxa2
44.Kd3 Ra1 45.Kc4 Rf1 46.Be3 Rf3 47.h4 h5 48.c3 bxc3 49.Kxc3 Bxh4 50.Kc4 Be7
51.Bc1 h4 52.Rh2 h3 53.Bd2 Bd6 54.Bc1 g5  0-1

[Event "Autumn Open"]
[Site "Venice ITA"]
[Date "2005.10.31"]
[Round "4"]
[White "Drezzadore,D"]
[Black "Bianchi,An"]
[Result "1/2-1/2"]
[WhiteElo "2061"]
[BlackElo "2160"]

1.e4 d6 2.d4 Nf6 3.Nc3 e5 4.dxe5 dxe5 5.Qxd8+ Kxd8 6.Bg5 Be6 7.O-O-O+ Kc8
8.f4 exf4 9.e5 Nfd7 10.Bxf4 Nc6 11.Nf3 a6 12.Ne4 h6 13.h3 g5 14.Bh2 Bg7 15.g4 Ndxe5
16.Nxe5 Nxe5 17.Nc5 Re8 18.Bg2 c6 19.Rhe1 Ng6 20.Be4 Nf8 21.Rd6 Nd7 22.Bxc6 bxc6
23.Rxc6+ Kd8 24.Bc7+ Ke7 25.Bd6+ Kf6 26.Nxd7+ Kg6 27.Be5 Kh7 28.Bxg7 Bxd7
29.Rxe8 Bxc6 30.Rxa8 Bxa8 31.Bf8 Bg2 32.c4 Bxh3 33.b4 Bxg4 34.b5 axb5 35.cxb5 h5
36.Kd2 Bf3 37.Ke3 g4 38.a4 Kg6 39.a5 Bb7 40.Kf4 f5 41.Be7 Kf7 42.Bh4 Ke6
43.Bg3  1/2-1/2

[Event "Autumn Open"]
[Site "St Petersburg RUS"]
[Date "2005.11.01"]
[Round "4"]
[White "Frolochkin,V"]
[Black "Turikov,V"]
[Result "0-1"]
[WhiteElo "2190"]
[BlackElo "2353"]

1.e4 d6 2.d4 Nf6 3.Nc3 c6 4.f3 Nbd7 5.Be3 e5 6.Qd2 Be7 7.g4 O-O 8.Nge2 b5
9.h4 Nb6 10.Ng3 b4 11.Nd1 exd4 12.Bxd4 c5 13.Be3 Nfd7 14.Nf5 Ne5 15.Nxe7+ Qxe7
16.Qf2 Bb7 17.Be2 Rac8 18.a3 a5 19.axb4 axb4 20.Ra7 Ra8 21.Rxa8 Rxa8 22.O-O Qe6
23.Bf4 Nbd7 24.Ne3 b3 25.cxb3 Qxb3 26.Rd1 Qxb2 27.Rxd6 Nf8 28.Nd1 Qa1 29.Qxc5 Neg6
30.Bg3 Ne6 31.Qc3 h5 32.Qxa1 Rxa1 33.g5 Ngf4 34.Bxf4 Nxf4 35.Kf2 Ra2 36.Nc3 Rc2
37.Ke3 Ng2+ 38.Kd3 Rb2 39.Na4 Ra2 40.Nc5 Rb2 41.Bd1 Nxh4 42.Bb3 Nxf3 43.g6 Rd2+
44.Ke3 Rxd6 45.gxf7+ Kf8 46.Kxf3 Bc8 47.Ke3 h4 48.e5 Rb6 49.Bd5 h3 50.Kd4 h2
51.e6 Bxe6  0-1

[Event "Autumn Open"]
[Site "Venice ITA"]
[Date "2005.11.01"]
[Round "5"]
[White "Sarakauskiene,Z"]
[Black "Jurkovic,A"]
[Result "0-1"]
[WhiteElo "2161"]
[BlackElo "2339"]

1.e4 d6 2.d4 Nf6 3.Nc3 Nbd7 4.Nf3 e5 5.Bc4 Be7 6.O-O O-O 7.Re1 c6 8.a4 a5
9.Ba2 h6 10.Nh4 exd4 11.Qxd4 Ne5 12.Nf5 Bxf5 13.exf5 Ned7 14.Bf4 d5 15.Nd1 Bc5
16.Qd3 Qb6 17.Qb3 Rfe8 18.Rf1 Re4 19.Bd2 Qc7 20.g3 Rae8 21.Kg2 b6 22.c3 Ne5
23.Be3 Nc4 24.Bxc5 bxc5 25.Bb1 Nd2 26.Qa3 Nxf1 27.Bxe4 Nxg3 28.hxg3 Nxe4
29.Ne3 Qe5 30.Re1 d4 31.cxd4 cxd4 32.Nc2 Qxf5 33.f3 Qg5 34.Rxe4 Qd2+ 35.Kh3 Rxe4
36.fxe4 Qxc2 37.Qe7 Qc4 38.Qd8+ Kh7 39.Qxa5 Qe6+ 40.g4 Qxe4 41.Kg3 Qe3+ 42.Kg2 g6
43.Qa7 Kg7 44.a5 Qe2+ 45.Kg3 Qe5+ 46.Kf3 d3 47.Qe3 Qd5+  0-1